[Event "Philadelphia int op 14th"]
[Site "Philadelphia"]
[Date "2021.06.28"]
[Round "6"]
[White "Belous, Vladimir"]
[Black "Shetty, Atulya"]
[Result "1/2-1/2"]
[WhiteElo "2520"]
[BlackElo "2461"]
[PlyCount "180"]
[EventDate "2021.06.26"]
[EventType "swiss"]
[EventRounds "9"]
[EventCountry "USA"]
[SourceTitle "CBM 203 Extra"]
[Source "ChessBase"]
[SourceDate "2021.09.30"]
[SourceVersion "1"]
[SourceVersionDate "2021.09.30"]
[SourceQuality "1"]

1. d4 d5 2. c4 c6 3. Nf3 Nf6 4. Nc3 e6 5. e3 a6 6. Qc2 c5 7. a3 dxc4 8. dxc5 Bxc5 9. Bxc4 b5 10. Bd3 Nbd7 11. Ne4 Nxe4 12. Bxe4 Ra7 13. b4 Be7 14. Nd4 Bb7 15. Bb2 Bxe4 16. Qxe4 Rc7 17. Rd1 Nf6 18. Qe5 Qc8 19. 0-0 0-0 20. Rc1 Rc4 21. Nf5 exf5 22. Qxe7 Re8 23. Qa7 Ne4 24. h3 h6 25. Rfd1 Qc6 26. f3 Nd6 27. Kf2 Rxc1 28. Rxc1 Nc4 29. Bd4 Qe6 30. Kg1 Nxe3 31. Re1 f4 32. Qb6 Qc4 33. Qc5 Qd3 34. Qc3 Qxc3 35. Bxc3 Rd8 36. Be5 Nc2 37. Rc1 Nxa3 38. Rc6 Nc4 39. Bxf4 Rd1+ 40. Kh2 Rb1 41. Rxa6 Rxb4 42. h4 Rb1 43. Rc6 Rd1 44. Rc5 Rd4 45. Kg3 b4 46. Rb5 Na3 47. Rb8+ Kh7 48. h5 Nc2 49. Rb7 f6 50. Bc1 Ne1 51. Bb2 Rd2 52. Bxf6 Rxg2+ 53. Kh3 Rg1 54. Bd4 Nxf3 55. Bxg1 Nxg1+ 56. Kg4 Ne2 57. Rxb4 Nc3 58. Rd4 Nb5 59. Rd7 Nc3 60. Kf3 Kg8 61. Ke3 Kf8 62. Kd3 Ke8 63. Rxg7 Nd5 64. Ke4 Nf6+ 65. Kf5 Nxh5 66. Rh7 Kf8 67. Rxh6 Ng7+ 68. Kg6 Ne8 69. Rh7 Nd6 70. Rd7 Ne8 71. Rf7+ Kg8 72. Rf1 Nd6 73. Kf6 Ne8+ 74. Ke7 Ng7 75. Rh1 Nf5+ 76. Kf6 Nd6 77. Rh5 Ne4+ 78. Ke7 Kg7 79. Re5 Nd2 80. Rd5 Ne4 81. Rd4 Ng5 82. Rd6 Nh7 83. Ke6 Nf8+ 84. Ke5 Kf7 85. Ra6 Ng6+ 86. Kf5 Ne7+ 87. Kg5 Nd5 88. Rh6 Ne7 89. Rd6 Nc8 90. Kh4 Nxd6 1/2-1/2

[Event "Philadelphia int op 14th"]
[Site "Philadelphia"]
[Date "2021.06.27"]
[Round "4"]
[White "Shetty, Atulya"]
[Black "Burke, John M"]
[Result "1-0"]
[WhiteElo "2461"]
[BlackElo "2522"]
[PlyCount "61"]
[EventDate "2021.06.26"]
[EventType "swiss"]
[EventRounds "9"]
[EventCountry "USA"]
[SourceTitle "CBM 203 Extra"]
[Source "ChessBase"]
[SourceDate "2021.09.30"]
[SourceVersion "1"]
[SourceVersionDate "2021.09.30"]
[SourceQuality "1"]

1. c4 e5 2. g3 Nf6 3. Bg2 d5 4. cxd5 Nxd5 5. Nc3 Nb6 6. Nf3 Nc6 7. 0-0 Be7 8. b3 0-0 9. Bb2 Re8 10. Rc1 Bf5 11. d3 Qd7 12. Ne4 f6 13. Nc5 Bxc5 14. Rxc5 Rad8 15. Qc2 Bh3 16. Bxh3 Qxh3 17. b4 Qe6 18. b5 Nb4 19. Qd2 N4d5 20. Rfc1 Qg4 21. a4 Rd6 22. a5 Nd7 23. R5c4 Qh5 24. Ba3 Rde6 25. Qa2 g5 26. R4c2 g4 27. Qxd5 gxf3 28. exf3 Nf8 29. Bxf8 Kxf8 30. Rxc7 f5 31. Rc8 1-0

[Event "Las Vegas National op"]
[Site "Las Vegas"]
[Date "2021.06.19"]
[Round "6"]
[White "Shetty, Atulya"]
[Black "Abrahamyan, Tatev"]
[Result "1/2-1/2"]
[WhiteElo "2461"]
[BlackElo "2358"]
[PlyCount "133"]
[EventDate "2021.06.16"]
[EventType "swiss"]
[EventRounds "9"]
[EventCountry "USA"]
[SourceTitle "CBM 203 Extra"]
[Source "ChessBase"]
[SourceDate "2021.09.30"]
[SourceVersion "1"]
[SourceVersionDate "2021.09.30"]
[SourceQuality "1"]

1. c4 Nf6 2. g3 e6 3. Bg2 d5 4. Nf3 Be7 5. 0-0 0-0 6. d4 dxc4 7. Qa4 a6 8. Qxc4 b5 9. Qb3 Bb7 10. a4 b4 11. Bf4 c5 12. dxc5 Bxc5 13. Nbd2 Nbd7 14. Qd3 Qe7 15. Nc4 Be4 16. Qd1 Nd5 17. Nfe5 Bxg2 18. Kxg2 Nxf4+ 19. gxf4 Nxe5 20. Nxe5 f6 21. Nd3 Bd6 22. Qb3 Kh8 23. Qc4 Rac8 24. Qe4 f5 25. Qe3 Rc4 26. f3 Bxf4 27. Nxf4 Qg5+ 28. Kh1 Qxf4 29. Qxe6 Qc7 30. Qxa6 Re8 31. Rae1 Qc5 32. Rg1 Rc2 33. Qb7 Qd4 34. Qf7 Rg8 35. b3 Qe5 36. Rg2 Rc7 37. Qh5 Rc3 38. Reg1 Rxb3 39. Qf7 Rb2 40. Qc4 g6 41. a5 Qc3 42. Qe6 b3 43. h4 Rc2 44. a6 Rc1 45. a7 Ra1 46. Qb6 b2 47. e3 Qg7 48. Rxb2 Rxa7 49. h5 Ra4 50. Rh2 Ra1 51. Qb2 Rxg1+ 52. Kxg1 gxh5+ 53. Qxg7+ Rxg7+ 54. Kf2 Rf7 55. Kg3 f4+ 56. exf4 Rf5 57. Ra2 Kg7 58. Ra4 Kg6 59. Rb4 Rf6 60. Kh4 Rf5 61. Kg3 Rf6 62. Kf2 Rf5 63. Ke3 h4 64. Kf2 h3 65. Kg3 Rh5 66. Rb6+ Kg7 67. Rb2 1/2-1/2

[Event "Las Vegas National op"]
[Site "Las Vegas"]
[Date "2021.06.18"]
[Round "4"]
[White "Shetty, Atulya"]
[Black "Gareyev, Timur"]
[Result "1/2-1/2"]
[WhiteElo "2461"]
[BlackElo "2606"]
[PlyCount "81"]
[EventDate "2021.06.16"]
[EventType "swiss"]
[EventRounds "9"]
[EventCountry "USA"]
[SourceTitle "CBM 203 Extra"]
[Source "ChessBase"]
[SourceDate "2021.09.30"]
[SourceVersion "1"]
[SourceVersionDate "2021.09.30"]
[SourceQuality "1"]

1. c4 b6 2. g3 Bb7 3. Nf3 Bxf3 4. exf3 c5 5. d4 cxd4 6. Qxd4 Nc6 7. Qd2 e6 8. Bg2 Bb4 9. Nc3 Nf6 10. 0-0 Na5 11. b3 d5 12. Qb2 Rc8 13. Rd1 Qe7 14. a3 Bxc3 15. Qxc3 0-0 16. Bf1 dxc4 17. bxc4 Nxc4 18. Bxc4 b5 19. a4 Rxc4 20. Qb3 Rfc8 21. axb5 Nd5 22. Bd2 Qb7 23. Qa3 Qxb5 24. Qxa7 Rc2 25. Qa6 Qxa6 26. Rxa6 h6 27. Raa1 R8c7 28. Be1 g5 29. Rd2 R2c4 30. Kg2 Kg7 31. Rad1 Kf6 32. Re2 Kf5 33. Bd2 Rd4 34. Rde1 Rd3 35. h3 f6 36. Bc1 Rc6 37. Bb2 Rb6 38. Bc1 Rc6 39. Bb2 Rb3 40. Ba1 Rd3 41. Bb2 1/2-1/2

[Event "Las Vegas National op"]
[Site "Las Vegas"]
[Date "2021.06.17"]
[Round "3"]
[White "Gledura, Benjamin"]
[Black "Shetty, Atulya"]
[Result "0-1"]
[WhiteElo "2633"]
[BlackElo "2461"]
[PlyCount "130"]
[EventDate "2021.06.16"]
[EventType "swiss"]
[EventRounds "9"]
[EventCountry "USA"]
[SourceTitle "CBM 203 Extra"]
[Source "ChessBase"]
[SourceDate "2021.09.30"]
[SourceVersion "1"]
[SourceVersionDate "2021.09.30"]
[SourceQuality "1"]

1. Nf3 d5 2. g3 g6 3. c4 dxc4 4. Na3 Bg7 5. Nxc4 Nc6 6. d3 e5 7. Bd2 Nge7 8. h4 h6 9. Bg2 Be6 10. Rc1 a5 11. 0-0 0-0 12. Bc3 f6 13. Qa4 Qd7 14. Rfd1 b6 15. Ne3 Rad8 16. Qa3 Na7 17. Be1 c5 18. Nc4 Rb8 19. b3 Rfd8 20. Qb2 Nac6 21. a3 Kh7 22. b4 axb4 23. axb4 b5 24. Na5 Nxa5 25. bxa5 Qa7 26. Nd2 f5 27. Nb3 c4 28. Na1 Nd5 29. e4 Ne7 30. Nc2 cxd3 31. Nb4 f4 32. gxf4 exf4 33. Qa3 Bc4 34. Nxd3 Bxd3 35. Rxd3 b4 36. Qb3 Rxd3 37. Qxd3 Qxa5 38. Qd6 Qe5 39. Bxb4 Rb7 40. Qd2 g5 41. hxg5 Qxg5 42. Bd6 Ng6 43. Qd5 Ne5 44. Qe6 f3 45. Qf5+ Qxf5 46. exf5 fxg2 47. Kxg2 Nf7 48. Rc6 Rd7 49. Ba3 Rd5 50. f6 Bh8 51. Bb2 Rf5 52. Kg3 Kg6 53. f4 Bxf6 54. Kf3 Ng5+ 55. Kg4 Nh7 56. Be5 Nf8 57. Rd6 h5+ 58. Kg3 Kf7 59. Bxf6 Rxf6 60. Rd5 Kg6 61. Re5 Kh6 62. Ra5 Rb6 63. f5 Kg5 64. f6+ Kh6 65. f7 Rf6 0-1

[Event "Bassano del Grappa Easter op-A 1st"]
[Site "Bassano del Grappa"]
[Date "2021.04.05"]
[Round "9"]
[White "Shetty, Atulya"]
[Black "Niemann, Hans Moke"]
[Result "1-0"]
[WhiteElo "2453"]
[BlackElo "2508"]
[PlyCount "80"]
[EventDate "2021.04.01"]
[EventType "swiss"]
[EventRounds "9"]
[EventCountry "ITA"]
[SourceTitle "CBM 201 Extra"]
[Source "ChessBase"]
[SourceDate "2021.05.31"]
[SourceVersion "1"]
[SourceVersionDate "2021.05.31"]
[SourceQuality "1"]

1. c4 c6 2. g3 d5 3. Bg2 e5 4. cxd5 cxd5 5. d4 e4 6. Nc3 Bb4 7. f3 Nf6 8. Bg5 Nbd7 9. Qb3 Bxc3+ 10. bxc3 h6 11. Bf4 0-0 12. fxe4 Nxe4 13. Qxd5 Ndf6 14. Qxd8 Rxd8 15. Bc7 Re8 16. Be5 Be6 17. Bxf6 Nxf6 18. Kd2 Rac8 19. e4 b5 20. Ne2 Bc4 21. e5 Rcd8 22. Rhe1 Rxe5 23. Nf4 Rf5 24. a4 a5 25. axb5 Rxb5 26. Reb1 Rdb8 27. Rxb5 Rxb5 28. Kc2 Ng4 29. Re1 a4 30. Re8+ Kh7 31. Be4+ g6 32. Bd3 Bb3+ 33. Kd2 Bc4 34. Kc2 Bb3+ 35. Kb2 Rb7 36. Ka3 Nxh2 37. c4 Ng4 38. d5 Nf6 39. Rc8 Kg7 40. d6 g5 1-0

[Event "Bassano del Grappa Easter op-A 1st"]
[Site "Bassano del Grappa"]
[Date "2021.04.04"]
[Round "7"]
[White "Shetty, Atulya"]
[Black "Krastev, Alexander"]
[Result "1-0"]
[WhiteElo "2453"]
[BlackElo "2367"]
[PlyCount "58"]
[EventDate "2021.04.01"]
[EventType "swiss"]
[EventRounds "9"]
[EventCountry "ITA"]
[SourceTitle "CBM 201 Extra"]
[Source "ChessBase"]
[SourceDate "2021.05.31"]
[SourceVersion "1"]
[SourceVersionDate "2021.05.31"]
[SourceQuality "1"]

1. c4 e5 2. g3 Nf6 3. Bg2 d5 4. cxd5 Nxd5 5. Nc3 Nxc3 6. bxc3 Nc6 7. d3 Bc5 8. Nf3 0-0 9. 0-0 Rb8 10. a4 b6 11. a5 Bb7 12. Qa4 e4 13. Ng5 exd3 14. exd3 Be7 15. Bxc6 Bxg5 16. Bxg5 Qxg5 17. Bxb7 Rxb7 18. Qc6 Rbb8 19. Qxc7 Rbc8 20. Qxa7 bxa5 21. c4 Rfd8 22. Rfd1 Qg6 23. Qe3 h6 24. h4 Qg4 25. Re1 Qf5 26. Ra3 Rd6 27. Qe5 Qd7 28. Re3 a4 29. Qe7 Rb8 1-0

[Event "Bassano del Grappa Easter op-A 1st"]
[Site "Bassano del Grappa"]
[Date "2021.04.02"]
[Round "3"]
[White "Shetty, Atulya"]
[Black "Dragnev, Valentin"]
[Result "1/2-1/2"]
[WhiteElo "2453"]
[BlackElo "2559"]
[PlyCount "148"]
[EventDate "2021.04.01"]
[EventType "swiss"]
[EventRounds "9"]
[EventCountry "ITA"]
[SourceTitle "CBM 201 Extra"]
[Source "ChessBase"]
[SourceDate "2021.05.31"]
[SourceVersion "1"]
[SourceVersionDate "2021.05.31"]
[SourceQuality "1"]

1. c4 c5 2. g3 g6 3. Bg2 Bg7 4. Nc3 Nc6 5. Nf3 d6 6. 0-0 Rb8 7. e3 Nh6 8. b3 Bf5 9. Bb2 Bd3 10. Re1 0-0 11. e4 b5 12. cxb5 Bxb5 13. d3 Qa5 14. Qd2 Ng4 15. Rad1 Nge5 16. Nxe5 Bxe5 17. h4 Bd4 18. Ba1 Rfc8 19. Bf1 Ne5 20. Kg2 Bc6 21. Be2 Qd8 22. f4 Nd7 23. h5 Nf6 24. hxg6 hxg6 25. Bf3 Qd7 26. Rh1 Kg7 27. Ne2 Bxa1 28. Rxa1 Rh8 29. Qc3 Rbg8 30. g4 Rxh1 31. Rxh1 Kf8 32. g5 Nh5 33. Rh4 f6 34. Bxh5 gxh5 35. Ng3 fxg5 36. fxg5 Ke8 37. Rxh5 Qg4 38. Rh8 Qxg5 39. Rxg8+ Qxg8 40. Kf2 Qg4 41. Qd2 Qh4 42. Kf3 Bd7 43. Qf4 Qh2 44. Nf5 Qh3+ 45. Ng3 Be6 46. Qg5 Kd7 47. Qh5 Qxh5+ 48. Nxh5 Kc6 49. Nf4 Bf7 50. Ke3 Kb5 51. Kd2 Kb4 52. Kc2 Ka3 53. Kb1 Be8 54. Nd5 Bb5 55. Kc2 e6 56. Nc7 Bd7 57. e5 dxe5 58. Na6 Bc6 59. Nxc5 Bd5 60. Kb1 Kb4 61. Nd7 Kc3 62. Nxe5 Kd4 63. Ng6 Kxd3 64. Kb2 Kd4 65. a3 Be4 66. Nf8 Bf5 67. Nxe6+ Bxe6 68. b4 Kc4 69. a4 Bd7 70. b5 Kb4 71. Ka1 Kxa4 72. Kb1 Ka3 73. Ka1 Bf5 74. b6 axb6 1/2-1/2

[Event "Bassano del Grappa GM Mix 2nd"]
[Site "Bassano del Grappa"]
[Date "2021.03.24"]
[Round "2"]
[White "Checa, Nicolas D"]
[Black "Shetty, Atulya"]
[Result "1/2-1/2"]
[WhiteElo "2546"]
[BlackElo "2447"]
[PlyCount "74"]
[EventDate "2021.03.24"]
[EventType "swiss"]
[EventRounds "9"]
[EventCountry "ITA"]
[SourceTitle "CBM 201 Extra"]
[Source "ChessBase"]
[SourceDate "2021.05.31"]
[SourceVersion "1"]
[SourceVersionDate "2021.05.31"]
[SourceQuality "1"]

1. d4 d5 2. c4 c6 3. Nf3 Nf6 4. Nc3 a6 5. Qc2 e6 6. e4 dxe4 7. Nxe4 Bb4+ 8. Bd2 Bxd2+ 9. Nexd2 c5 10. dxc5 Qc7 11. a3 a5 12. Bd3 Nbd7 13. c6 Qxc6 14. Ne4 Nc5 15. Nxc5 Qxc5 16. 0-0 a4 17. Rfe1 0-0 18. Re5 Qc7 19. Qc3 h6 20. Rae1 Bd7 21. h3 Rfd8 22. Nd4 b6 23. c5 Rac8 24. Ba6 Ra8 25. Bb5 bxc5 26. Rxc5 Qb6 27. Bc6 Bxc6 28. Nxc6 Rd7 29. Rc4 Nd5 30. Qc2 Rc7 31. Rc1 g6 32. Qd2 Kg7 33. Nb4 Rxc4 34. Rxc4 Nxb4 35. Qc3+ Kg8 36. Rxb4 Qd6 37. Qf3 Rc8 1/2-1/2

[Event "Bassano del Grappa Mix GM 1st"]
[Site "Bassano del Grappa"]
[Date "2021.03.20"]
[Round "7"]
[White "Shetty, Atulya"]
[Black "Niemann, Hans Moke"]
[Result "1-0"]
[WhiteElo "2447"]
[BlackElo "2526"]
[PlyCount "91"]
[EventDate "2021.03.17"]
[EventType "swiss"]
[EventRounds "9"]
[EventCountry "ITA"]
[SourceTitle "CBM 201 Extra"]
[Source "ChessBase"]
[SourceDate "2021.05.31"]
[SourceVersion "1"]
[SourceVersionDate "2021.05.31"]
[SourceQuality "1"]

1. c4 e6 2. g3 d5 3. Bg2 d4 4. e3 c5 5. exd4 cxd4 6. Nf3 Ne7 7. 0-0 Nec6 8. d3 Be7 9. Re1 Nd7 10. Na3 e5 11. Nc2 a5 12. a3 0-0 13. Bd2 Nc5 14. Nxe5 Nxe5 15. Rxe5 Bd6 16. Rh5 g6 17. Rd5 Be6 18. Rxd4 Nb3 19. Bc3 Qb6 20. Rb1 Nxd4 21. Bxd4 Bc5 22. Bxc5 Qxc5 23. Bxb7 Rad8 24. Ne3 a4 25. Bd5 Rfe8 26. d4 Qa7 27. Qd2 Kg7 28. Qc3 Bxd5 29. Nxd5 Re2 30. Qd3 Ree8 31. Rd1 h5 32. h4 Rd6 33. Nc3 Rf6 34. Rd2 Re1+ 35. Kg2 Qd7 36. d5 Qg4 37. d6 Qd7 38. c5 Rf5 39. Ne4 g5 40. Nxg5 Qc6+ 41. Nf3 Rxc5 42. Qd4+ f6 43. d7 Rcc1 44. Qd5 Qa6 45. Nxe1 Rxe1 46. Rd3 1-0

[Event "Bassano del Grappa Mix GM 1st"]
[Site "Bassano del Grappa"]
[Date "2021.03.17"]
[Round "2"]
[White "Shetty, Atulya"]
[Black "Yu, Jennifer R"]
[Result "1-0"]
[WhiteElo "2447"]
[BlackElo "2275"]
[PlyCount "129"]
[EventDate "2021.03.17"]
[EventType "swiss"]
[EventRounds "9"]
[EventCountry "ITA"]
[SourceTitle "CBM 201 Extra"]
[Source "ChessBase"]
[SourceDate "2021.05.31"]
[SourceVersion "1"]
[SourceVersionDate "2021.05.31"]
[SourceQuality "1"]

1. c4 e6 2. g3 d5 3. Bg2 Nf6 4. Nf3 Be7 5. 0-0 0-0 6. b3 d4 7. e3 c5 8. exd4 cxd4 9. Bb2 Nc6 10. Re1 Re8 11. Ne5 Nxe5 12. Rxe5 Bd6 13. Re1 e5 14. d3 Bg4 15. Qc2 Bb4 16. Rc1 e4 17. a3 Bf8 18. Nd2 e3 19. Nf3 a5 20. Re1 Bxf3 21. Bxf3 exf2+ 22. Qxf2 Rxe1+ 23. Rxe1 Bc5 24. Bc1 Qb6 25. Qb2 Re8 26. Bd2 Rxe1+ 27. Bxe1 Qe6 28. Bxa5 Qe3+ 29. Kg2 Qxd3 30. b4 Ba7 31. c5 h6 32. Bc7 Qc4 33. Bxb7 Nd5 34. Bxd5 Qxd5+ 35. Kf2 d3 36. Qe5 Qa2+ 37. Kf3 Qxa3 38. Qd4 Qb3 39. Ke3 f6 40. Qd8+ Kf7 41. Qd7+ Kg8 42. Qd4 Kf7 43. h4 Kg8 44. h5 Kf7 45. Qxd3 Qxb4 46. Qd5+ Ke7 47. Qd8+ Ke6 48. Qd6+ Kf5 49. Qd7+ Kg5 50. Bf4+ Kxh5 51. Qxa7 Qc3+ 52. Ke2 Qc4+ 53. Kf2 g5 54. Qe7 Kg6 55. Bd2 Qd3 56. Qe3 Qc4 57. Qc3 Qd5 58. c6 Qf5+ 59. Kg1 Qb1+ 60. Kh2 Qf1 61. Qc2+ f5 62. Be3 g4 63. Bf4 Qa6 64. c7 Qe6 65. c8Q 1-0

[Event "Bassano del Grappa Spring op 1st"]
[Site "Bassano del Grappa"]
[Date "2021.03.13"]
[Round "3"]
[White "Shetty, Atulya"]
[Black "Plat, Vojtech"]
[Result "1/2-1/2"]
[WhiteElo "2447"]
[BlackElo "2555"]
[PlyCount "85"]
[EventDate "2021.03.12"]
[EventType "swiss"]
[EventRounds "5"]
[EventCountry "ITA"]
[SourceTitle "CBM 201 Extra"]
[Source "ChessBase"]
[SourceDate "2021.05.31"]
[SourceVersion "1"]
[SourceVersionDate "2021.05.31"]
[SourceQuality "1"]

1. c4 g6 2. g3 Bg7 3. Bg2 e5 4. Nc3 Ne7 5. d3 Nbc6 6. h4 h6 7. e4 d6 8. h5 g5 9. f4 exf4 10. gxf4 gxf4 11. Bxf4 Nd4 12. Qd2 Bg4 13. Nce2 Nec6 14. 0-0-0 Qd7 15. Rf1 a5 16. Nxd4 Nxd4 17. Nf3 Bxf3 18. Bxf3 a4 19. Qg2 Ne6 20. Bg4 a3 21. b3 Bd4 22. Bxh6 0-0-0 23. Bd2 Kb8 24. h6 Qc6 25. Bxe6 fxe6 26. h7 b5 27. Bg5 bxc4 28. dxc4 Rde8 29. Rf7 Be5 30. Qf3 Qc5 31. Be3 Bd4 32. Bd2 Be5 33. Qe3 Qc6 34. Qd3 Kb7 35. Kc2 Rd8 36. Bc3 Bxc3 37. Kxc3 Rd7 38. Rxd7 Qxd7 39. c5 Qg7+ 40. Qd4 Qg2 41. Kb4 Qxh1 42. Qxh8 Qe1+ 43. Kxa3 1/2-1/2

[Event "Titled Tuesday intern op 23rd Feb"]
[Site "Chess.com INT"]
[Date "2021.02.23"]
[Round "7"]
[White "Terry, Renato"]
[Black "Shetty, Atulya"]
[Result "1-0"]
[WhiteElo "2504"]
[BlackElo "2447"]
[PlyCount "57"]
[EventDate "2021.02.23"]
[EventType "swiss (blitz)"]
[EventRounds "11"]
[EventCountry "USA"]
[SourceTitle "CBM 200 Extra"]
[Source "ChessBase"]
[SourceDate "2021.03.31"]
[SourceVersion "1"]
[SourceVersionDate "2021.03.31"]
[SourceQuality "1"]

1. e4 e6 2. d4 d5 3. exd5 exd5 4. Nf3 Nc6 5. Bb5 Bd6 6. h3 Nge7 7. c4 dxc4 8. Bxc4 0-0 9. 0-0 Bf5 10. Re1 h6 11. d5 Na5 12. b3 Nxc4 13. bxc4 c6 14. Qd4 cxd5 15. Bb2 f6 16. cxd5 Kh7 17. Nc3 Rc8 18. Rad1 Qa5 19. Ne4 Bb4 20. Re3 Rfd8 21. Nxf6+ gxf6 22. Qxf6 Rg8 23. Rxe7+ Bxe7 24. Qxe7+ Kg6 25. Ne5+ Kh5 26. g4+ Bxg4 27. hxg4+ Rxg4+ 28. Nxg4 Kxg4 29. Rd4+ 1-0

[Event "Titled Tuesday intern op 26th Jan"]
[Site "Chess.com INT"]
[Date "2021.01.26"]
[Round "1"]
[White "Sarkar, Justin"]
[Black "Shetty, Atulya"]
[Result "1/2-1/2"]
[WhiteElo "2366"]
[BlackElo "2437"]
[PlyCount "161"]
[EventDate "2021.01.26"]
[EventType "swiss (blitz)"]
[EventRounds "11"]
[EventCountry "USA"]
[SourceTitle "CBM 200 Extra"]
[Source "ChessBase"]
[SourceDate "2021.03.31"]
[SourceVersion "1"]
[SourceVersionDate "2021.03.31"]
[SourceQuality "1"]

1. e4 e6 2. d4 d5 3. Nc3 Nf6 4. Bg5 Be7 5. Bxf6 Bxf6 6. Nf3 0-0 7. Bd3 dxe4 8. Bxe4 Nd7 9. Qd3 g6 10. 0-0-0 c5 11. d5 Qb6 12. dxe6 Qxe6 13. Nd5 Bg7 14. c3 Ne5 15. Nxe5 Qxe5 16. f4 Qd6 17. f5 Bd7 18. Rhf1 Bc6 19. f6 Bh6+ 20. Kb1 Bxd5 21. Qxd5 Qxd5 22. Bxd5 Rab8 23. g3 Rfd8 24. Rfe1 Bf8 25. a4 b6 26. Bc4 Bd6 27. Kc2 Kf8 28. Rd5 h5 29. Red1 Bc7 30. Rxd8+ Rxd8 31. Rxd8+ Bxd8 32. Kd3 Bxf6 33. Ke4 Ke7 34. h3 Bg5 35. g4 Bc1 36. gxh5 gxh5 37. b3 Bb2 38. Kd3 Bc1 39. Bd5 h4 40. Ke4 f6 41. c4 Kd6 42. Kf5 Bg5 43. Bf7 Kc7 44. Bg8 Kb7 45. Ke4 Ka6 46. Be6 Ka5 47. Kd3 Kb4 48. Kc2 Ka3 49. Bf5 Bf4 50. Bg4 Be5 51. Bf5 Kb4 52. Bg4 Ka5 53. Bf5 Ka6 54. Kd3 Kb7 55. Ke4 Kc6 56. Bg4 Kd6 57. Bf5 Ke7 58. Bg4 Kd6 59. Bf5 a6 60. Bg4 Kc6 61. Bc8 a5 62. Bf5 Kd6 63. Bg4 Ke7 64. Bf5 Kf7 65. Bg4 Kg6 66. Kf3 Kg5 67. Bd7 f5 68. Bc8 Bd6 69. Bd7 Be7 70. Bc8 Bf6 71. Bd7 Bb2 72. Bc8 Bc1 73. Bd7 Kf6 74. Bc8 Ke5 75. Bd7 Kd4 76. Bxf5 Kc3 77. Bd7 Kxb3 78. Bb5 Bd2 79. Ke4 Be1 80. Kf3 Bg3 81. Kg4 1/2-1/2

[Event "Titled Tuesday intern op 26th Jan"]
[Site "Chess.com INT"]
[Date "2021.01.26"]
[Round "3"]
[White "Xiong, Jeffery"]
[Black "Shetty, Atulya"]
[Result "1/2-1/2"]
[WhiteElo "2709"]
[BlackElo "2437"]
[PlyCount "125"]
[EventDate "2021.01.26"]
[EventType "swiss (blitz)"]
[EventRounds "11"]
[EventCountry "USA"]
[SourceTitle "CBM 200 Extra"]
[Source "ChessBase"]
[SourceDate "2021.03.31"]
[SourceVersion "1"]
[SourceVersionDate "2021.03.31"]
[SourceQuality "1"]

1. e4 e6 2. d4 d5 3. exd5 exd5 4. Nf3 Nf6 5. Bd3 Bd6 6. Qe2+ Qe7 7. Qxe7+ Bxe7 8. Bf4 c6 9. 0-0 Bg4 10. Nbd2 Nbd7 11. Rfe1 Kd8 12. h3 Bh5 13. Re3 h6 14. Rae1 Re8 15. Bh2 Bf8 16. Ne5 Nxe5 17. Bxe5 Be7 18. Nf3 Bxf3 19. Rxf3 Bd6 20. Bxf6+ gxf6 21. Rxe8+ Kxe8 22. Rxf6 Bf8 23. g3 Bg7 24. Rf4 Ke7 25. Kg2 Re8 26. Kf3 Kf8 27. c4 dxc4 28. Bxc4 Re7 29. b4 Rd7 30. Ke3 Re7+ 31. Kd3 Rd7 32. h4 Be5 33. Re4 Bd6 34. Kc3 Kg7 35. Rg4+ Kf8 36. a4 a6 37. b5 axb5 38. axb5 Re7 39. bxc6 bxc6 40. Bd3 Re6 41. Kc4 Rf6 42. f4 Re6 43. f5 Re3 44. f6 Rxg3 45. Re4 Rf3 46. Rg4 Rxf6 47. Bh7 Rf4 48. Rg8+ Ke7 49. h5 Rh4 50. Rc8 Be5 51. Rxc6 Bxd4 52. Kd5 Kf8 53. Be4 Ba1 54. Rxh6 Kg7 55. Rh7+ Kg8 56. Rh6 Bg7 57. Rc6 Rxh5+ 58. Kc4 Be5 59. Bd5 Kg7 60. Ra6 Rf5 61. Ra7 Bd6 62. Rxf7+ Rxf7 63. Bxf7 1/2-1/2

[Event "Charlotte CCCSA Winter GM"]
[Site "Charlotte"]
[Date "2021.01.16"]
[Round "5"]
[White "Shetty, Atulya"]
[Black "Daggupati, Balaji"]
[Result "1/2-1/2"]
[WhiteElo "2437"]
[BlackElo "2399"]
[PlyCount "74"]
[EventDate "2021.01.14"]
[EventType "tourn"]
[EventRounds "9"]
[EventCountry "USA"]
[EventCategory "8"]
[SourceTitle "CBM 200 Extra"]
[Source "ChessBase"]
[SourceDate "2021.03.31"]
[SourceVersion "1"]
[SourceVersionDate "2021.03.31"]
[SourceQuality "1"]

1. c4 e5 2. g3 d6 3. Nc3 f5 4. d4 Be7 5. Bg2 Nf6 6. Bg5 c6 7. e3 Qb6 8. Qd2 0-0 9. c5 Qc7 10. cxd6 Bxd6 11. dxe5 Bxe5 12. Nf3 Bxc3 13. Qxc3 Nd5 14. Qa3 h6 15. Bf4 Nxf4 16. gxf4 Nd7 17. Qb3+ Kh7 18. 0-0-0 Nf6 19. Ne5 Qe7 20. Qc2 Be6 21. Bh3 Nd5 22. a3 Qh4 23. Bf1 Rad8 24. Kb1 Ne7 25. Bd3 Ng6 26. Nxg6 Kxg6 27. Rhg1+ Kh7 28. e4 fxe4 29. Bxe4+ Kh8 30. Rxd8 Qxd8 31. f5 Bd5 32. f3 Bg8 33. Qc3 Qd7 34. Kc1 Bh7 35. Qc5 Qf7 36. Qxa7 Bxf5 37. Qd4 Qf6 1/2-1/2

[Event "Charlotte CCCSA Winter GM"]
[Site "Charlotte"]
[Date "2021.01.14"]
[Round "1"]
[White "Shetty, Atulya"]
[Black "Gauri, Shankar"]
[Result "1-0"]
[WhiteElo "2437"]
[BlackElo "2360"]
[PlyCount "83"]
[EventDate "2021.01.14"]
[EventType "tourn"]
[EventRounds "9"]
[EventCountry "USA"]
[EventCategory "8"]
[SourceTitle "CBM 200 Extra"]
[Source "ChessBase"]
[SourceDate "2021.03.31"]
[SourceVersion "1"]
[SourceVersionDate "2021.03.31"]
[SourceQuality "1"]

1. c4 b6 2. g3 Bb7 3. Nf3 Nf6 4. Bg2 g6 5. b3 Bg7 6. Bb2 c5 7. d4 cxd4 8. Qxd4 0-0 9. 0-0 d6 10. Nc3 Nbd7 11. Rad1 Ne4 12. Qe3 Nxc3 13. Bxc3 Nf6 14. a4 Qc7 15. Nd4 Bxg2 16. Kxg2 Qb7+ 17. Qf3 Qxf3+ 18. exf3 Rfc8 19. Ne2 Nd7 20. Rfe1 Nc5 21. Rb1 a6 22. f4 e6 23. Red1 Rc6 24. Bd2 Rb8 25. Be3 Kf8 26. a5 Nd7 27. b4 bxa5 28. b5 axb5 29. cxb5 Rc2 30. Rxd6 Rxe2 31. Rxd7 Rb2 32. Rc1 R2xb5 33. Rcc7 Rf5 34. Ra7 h5 35. h3 Bc3 36. Rdc7 Bb4 37. g4 hxg4 38. hxg4 Rf6 39. Bd4 Rxf4 40. Be5 Rxg4+ 41. Kf3 Bc5 42. Rxc5 1-0

[Event "Chess.com Bullet op1"]
[Site "Chess.com INT"]
[Date "2020.12.19"]
[Round "15"]
[White "Shetty, Atulya"]
[Black "Matinian, Nikita"]
[Result "1/2-1/2"]
[WhiteElo "2437"]
[BlackElo "2470"]
[PlyCount "134"]
[EventDate "2020.12.19"]
[EventType "swiss (blitz)"]
[EventRounds "21"]
[EventCountry "USA"]
[SourceTitle "EXT 2022"]
[Source "ChessBase"]
[SourceDate "2021.10.06"]
[SourceVersion "1"]
[SourceVersionDate "2021.10.06"]
[SourceQuality "1"]

1. c4 g6 2. g3 d6 3. Bg2 Bg7 4. Nf3 Nf6 5. 0-0 0-0 6. Nc3 Nc6 7. d3 e5 8. b3 e4 9. dxe4 Nxe4 10. Nxe4 Bxa1 11. Bg5 f6 12. Bh6 Be5 13. Bxf8 Qxf8 14. Nxe5 fxe5 15. Qd5+ Qf7 16. Qd2 Bf5 17. Ng5 Qe7 18. Bd5+ Kg7 19. f4 e4 20. Qc3+ Qf6 21. Qxf6+ Kxf6 22. Nxh7+ Kg7 23. Ng5 Re8 24. e3 Nb4 25. a3 Nc2 26. Kf2 c6 27. Bf7 Re7 28. h4 Nxa3 29. Ra1 Nc2 30. Rxa7 Nb4 31. Ra8 Nd3+ 32. Ke2 Nc5 33. Kd2 Nxb3+ 34. Kc3 Nc5 35. Rg8+ Kf6 36. Be8 b5 37. cxb5 cxb5 38. Bxb5 Rc7 39. Bc4 d5 40. Bxd5 Ne6+ 41. Kb4 Ng7 42. Rf8+ Ke7 43. Rf7+ Kd6 44. Rxc7 Kxc7 45. Kc5 Nh5 46. Kd4 Nxg3 47. Nxe4 Ne2+ 48. Ke5 Bxe4 49. Bxe4 Kd7 50. Bxg6 Ke7 51. h5 Ng3 52. h6 Kf8 53. Kf6 Kg8 54. h7+ Kh8 55. Bh5 Nxh5+ 56. Kg6 Nxf4+ 57. Kf5 Nd5 58. e4 Ne7+ 59. Kf6 Nc6 60. Ke6 Kxh7 61. Kd6 Nd4 62. Kd5 Nf3 63. Ke6 Kg6 64. Kd5 Ng5 65. e5 Kf5 66. Kd6 Nf7+ 67. Ke7 Nxe5 1/2-1/2